00273nam a2200109Ia 4500008004100000082001400041100001500055245002400070260003900094300000800133650002200141191201s2017 xx 000 0 und d a615.4 MED aMehta, R.M 0aDispensing Pharmacy bVallabh PrakashanaNew Delhic2017 a384 aPharmaceutics - 4